000 01404cam a2200241 4500
001 J125071
008 111205n2003 000 0 eng u
035 _a(Sirsi) u125071
041 _aeng
050 _a332.094212
_c21
110 _aBank of England
_92779
245 4 _aThe City handbook
250 _a4th ed.
260 _aLondon
_bBank of England
_c2003
520 _aInformation on over 150 organisations, mostly based in the City of London but also contains some from elsewhere in the UK and abroad. The main criteria is that they are relevant to the UK's role as a financial centre. This publication is available online only. The organisations are listed in alphabetical order. The entries contain contact details for each organisation, plus a hyperlink to their website if they have one. Also includes a list of the organisations (by title only) broken down according to their function and a list of abbreviations. Now published online as "Key City Contacts" at www.cityoflondon.gov.uk.
650 _aCITY OF LONDON
650 _aFINANCIAL SECTOR
650 _aFINANCIAL COMPANIES
650 _aDIRECTORY
690 _aMANAGEMENT-BUSINESS MANAGEMENT-FINANCIAL MANAGEMENT
856 _uhttps://www.cityoflondon.gov.uk/Corporation/LGNL_Services/Business/Business_support_and_advice/Key_City_contacts/
_zView "Key City Contacts" free of charge at www.cityoflondon.gov.uk
942 _n0
999 _c103331
_d103331